Normal view MARC view

Entry Personal Name

Number of records used in: 1

001 - CONTROL NUMBER

  • control field: 40119

003 - CONTROL NUMBER IDENTIFIER

  • control field: dpl

005 - DATE AND TIME OF LATEST TRANSACTION

  • control field: 20120125101908.0

008 - FIXED-LENGTH DATA ELEMENTS

  • fixed length control field: 120125|||a|||||| | ||| d

040 ## - CATALOGING SOURCE

  • Original cataloging agency: dpl
  • Transcribing agency: dpl

100 ## - HEADING--PERSONAL NAME

  • Personal name: लाल, एम. बी.

670 ## - SOURCE DATA FOUND

  • Source citation: Work cat.: (dpl): लाल, एम. बी. , उपकार राष्ट्रीय प्रतिभा खोज परीक्षाः, 2007

670 ## - SOURCE DATA FOUND

  • Source citation: Work cat.: (dpl): लाल, एम. बी. , उपकार राष्ट्रीय प्रतिभा खोज परीक्षाः, 2007

© Delhi Public Library
Hit Counter
free hit counter